Drag Race España: All Stars Queens by Photo - Statistics

General Stats
  • This quiz has been taken 53 times
    35 since last reset
  • The average score is 9 of 9
Answer Stats
Picture Hint Answer % Correct
🇪🇸 Season 1 ⭐️ Pupi Poisson
100%
🇪🇸 Season 1 ⭐️ Sagittaria
100%
🇪🇸 Season 1 ⭐️ Samantha Ballentines
100%
🇪🇸 Season 1 ⭐️ Drag Sethlas
96%
🇪🇸 Season 1 ⭐️ Hornella Góngora
96%
🇪🇸 Season 1 ⭐️ Juriji Der Klee
96%
🇪🇸 Season 1 ⭐️ Onyx Unleashed
93%
🇪🇸 Season 1 ⭐️ Pakita
93%
🇪🇸 Season 1 ⭐️ Pink Chadora
93%
No matching quizzes found
Score Distribution
Percent of People with Each Score
Percentile by Number Answered
Your Score History
You have not taken this quiz since the last reset